000 00430pab a2200169 454500
008 180718b2010 xxu||||| |||| 00| 0 eng d
100 _aKjaer, Ulrik
245 _aLocal party system nationalisation: Does municipal size matter?
260 _c2010
300 _ap.425-444.
362 _aJun
650 _aPolitical parties
700 _aElklit, Jorgen
773 _aLocal Government Studies
908 _aN
909 _a89818
999 _c89818
_d89818